Zvyšovanie efektívnosti vedeckovýskumnej činnosti vysokých škôl

Gespeichert in:
Bibliographische Detailangaben
1. Verfasser: Letz, Ján
Format: Buch
Sprache:Slowakisch
Veröffentlicht: Bratislava Ústav rozvoja vysokých škôl 1985
Tags: Tag hinzufügen
Keine Tags, Fügen Sie das erste Tag hinzu!

MARC

LEADER 00000nam a2200000 4500
001 c033672
005 20251111090019.3
041 0 |a slo 
044 |a SK 
245 1 0 |a Zvyšovanie efektívnosti vedeckovýskumnej činnosti vysokých škôl  |c Ján Letz a kol. 
264 1 |a Bratislava  |b Ústav rozvoja vysokých škôl  |c 1985 
300 |a 96 s. 
100 1 |a Letz, Ján